<?xml version="1.0" encoding="UTF-8"?>
<record
    xmlns:xsi="http://www.w3.org/2001/XMLSchema-instance"
    xsi:schemaLocation="http://www.loc.gov/MARC21/slim http://www.loc.gov/standards/marcxml/schema/MARC21slim.xsd"
    xmlns="http://www.loc.gov/MARC21/slim">

  <leader>00681nam a2200157 a 4500</leader>
  <controlfield tag="001">000035157</controlfield>
  <controlfield tag="005">20200930074136.0</controlfield>
  <controlfield tag="008">111025s1908    sp            000 0 spa d</controlfield>
  <datafield tag="100" ind1="1" ind2=" ">
    <subfield code="a">Calleja, Rafael</subfield>
    <subfield code="9">60877</subfield>
  </datafield>
  <datafield tag="245" ind1="1" ind2="3">
    <subfield code="a">La bella Molinete :</subfield>
    <subfield code="b">juguete c&#xF3;mico l&#xED;rico en un acto /</subfield>
    <subfield code="h">M&#xFA;sica impresa]</subfield>
    <subfield code="c">Rafael Calleja ; letra de Ventura de la Vega ; m&#xFA;sica del maestro Calleja.</subfield>
  </datafield>
  <datafield tag="260" ind1=" " ind2=" ">
    <subfield code="a">Madrid :</subfield>
    <subfield code="b">Sociedad de Autotores Esapa&#xF1;oles,</subfield>
    <subfield code="c">1908.</subfield>
  </datafield>
  <datafield tag="300" ind1=" " ind2=" ">
    <subfield code="a">36 p. ;</subfield>
    <subfield code="c">22 cm.</subfield>
  </datafield>
  <datafield tag="533" ind1=" " ind2=" ">
    <subfield code="a">La bella Molinete : juguete c&#xF3;mico l&#xED;rico en un acto</subfield>
    <subfield code="b">Madrid (imp. de los Hijos de M. G. Hern&#xE1;ndez)</subfield>
    <subfield code="c">1908</subfield>
  </datafield>
  <datafield tag="700" ind1="1" ind2=" ">
    <subfield code="a">Vega, Ventura de la,</subfield>
    <subfield code="d">(1807-1865.)</subfield>
    <subfield code="e">mus.</subfield>
    <subfield code="9">60878</subfield>
  </datafield>
  <datafield tag="952" ind1=" " ind2=" ">
    <subfield code="0">0</subfield>
    <subfield code="1">0</subfield>
    <subfield code="5">0</subfield>
    <subfield code="7">1</subfield>
    <subfield code="8">MO</subfield>
    <subfield code="a">GR</subfield>
    <subfield code="b">GR</subfield>
    <subfield code="c">HD</subfield>
    <subfield code="d">2011-10-25</subfield>
    <subfield code="i">LF1</subfield>
    <subfield code="l">0</subfield>
    <subfield code="o"> </subfield>
    <subfield code="p">35157-10</subfield>
    <subfield code="r">2020-06-25</subfield>
    <subfield code="w">2020-06-25</subfield>
    <subfield code="y">1</subfield>
    <subfield code="Z">No se presta</subfield>
  </datafield>
  <datafield tag="999" ind1=" " ind2=" ">
    <subfield code="c">34648</subfield>
    <subfield code="d">34648</subfield>
  </datafield>
  <datafield tag="040" ind1=" " ind2=" ">
    <subfield code="a">DO-SdBNP</subfield>
  </datafield>
</record>
